000 00920nas a2200277 4500
001 BR2013006989
003 BR-BrBNA
005 20231205122853.0
007 ta
008 230509b bl.|||p| |||| 00| 00por d
040 _aBR-BrBNA
_bpor
_cBiblioteca Nacional de Agricultura
041 _a(En)
072 _aS20; S30
100 1 _aFrota, K. de M.G.
100 1 _aMatias, A.C.G.
100 1 _aArêas, J.A.G.
245 1 _aInfluence of food components on lipid metabolism: scenarios and perspective on the control and prevention of dyslipidemias
650 _aLIPÍDIO
650 _aNUTRIÇÃO HUMANA
650 _aCOLESTEROL
650 _aLIPOPROTEÍNA
773 0 _tCiência e Tecnologia de Alimentos (Brazil)
_xISSN 1678-457X
_g(May 2010), v. 30(Supl. 1) p. 7-14
_wBR2013006989
856 4 0 _uhttp://www.scielo.br/pdf/cta/v30s1/02.pdf
909 _a202311
_bLúcia
_c55
_dLúcia Elande
942 _2AGRIS
_n0
_cANA
999 _c231010
_d231010